Statistics for Principal destinations of English footballers (Countries)

Click here to take the quiz!

General Stats

  • This quiz has been taken 36 times
  • The average score is 7 of 10

Answer Stats

Number of playersCountry% Correct
6Spain
97%
114Scotland
94%
19Ireland
91%
143Wales
91%
50United States
86%
8Sweden
66%
14Netherlands
63%
11Northern Ireland
57%
7Norway
51%
17New Zealand
26%

Score Distribution

Percentile by Number Answered

Percent of People with Each Score

Your Score History

You have not taken this quiz